000 00632nam a2200229Ia 4500
003 OSt
005 20230612135730.0
008 210423s2017 xx 000 0 und d
020 _a978-93-86482-35-8
040 _cAL
041 _aeng
082 _a336.26
_223
_bDATT
100 _aDATEY (V S)
_976256
245 _aTaxmanns customs law practice and procedures Ed 18
250 _a18
260 _aNew Delhi
_bTaxmann Publications Pvt Ltd
_c2017
300 _aI-24,888
_bHB
365 _b1625
_cINR
650 _aPublic Finance
_976257
906 _a18 ; customs ; law ; practice ; procedures ; Taxmanns
942 _2ddc
_cBK
999 _c168681
_d168681